00517nam a22001697a 450000500170000001000150001702000270003203500140005903700130007308200160008610000230010224500470012526000390017227000650021130000220027650000490029820170706123729.0 aENG-119119 a9789384247928c1225.00 aEN-102651 bDBAD/PUB a793.1095452 aGurao, Rajendra G. aStatistical theory /cby Rajendra G. Gurao bchandralok prakashanc2016akanpur a132, shivram kripa, mayur park basant vihar,bkanpure208021 a340.p. c21cm(Hb) aincludes bibliographical refrences and index